[Event "XXIII Festival A"]
[Site "Arco ITA"]
[Date "2001.10.26"]
[Round "7"]
[White "Poropat, Marijan"]
[Black "De Santis, Alessio"]
[Result "1/2-1/2"]
[WhiteElo "2108"]
[BlackElo "2345"]
[PlyCount "138"]
[EventDate "2001.10.20"]

1.Nf3 g6 2.g3 Bg7 3.Bg2 f5 4.d4 Nf6 5.O-O O-O 6.c4 d6 7.Nc3 Qe8 8.Bg5 h6 
9.Bxf6 exf6 10.Qd3 g5 11.Rae1 Nc6 12.Nd5 Qd8 13.Nd2 Kh8 14.f4 g4 15.h3 Ne7
16.Nc3 c6 17.d5 c5 18.hxg4 fxg4 19.e4 a6 20.a4 Rb8 21.Kf2 Bd7 22.Rh1 b5 
23.axb5 axb5 24.Rh5 bxc4 25.Nxc4 Be8 26.Rh4 f5 27.Rhh1 Bg6 28.e5 dxe5 29.
Nxe5 Rxb2+ 30.Re2 Rxe2+ 31.Qxe2 Be8 32.Rc1 Ng6 33.Kg1 h5 34.Rd1 h4 35.d6 
hxg3 36.d7 Nxf4 37.Qe3 Nxg2 38.Kxg2 Qa8+ 39.Nd5 f4 40.dxe8=Q f3+ 41.Kxg3 
Qxe8 42.Rh1+ Kg8 43.Nxg4 Qxe3 44.Ndxe3 Bd4 45.Nf5 f2 46.Rf1 Be5+ 47.Kg2 
Bd4 48.Nxd4 cxd4 49.Nxf2 Kf7 50.Ng4+ Ke7 51.Rd1 Rd8 52.Kf3 Ke6 53.Ke4 d3 
54.Rd2 Ra8 55.Rxd3 Ra4+ 56.Kf3 Rb4 57.Re3+ Kd6 58.Nf6 Rd4 59.Ne4+ Ke5 60.
Ra3 Rd1 61.Ra5+ Rd5 62.Ra3 Rd1 63.Re3 Rd4 64.Nf2+ Kd5 65.Re8 Ra4 66.Ke3 
Rh4 67.Kd3 Rd4+ 68.Ke3 Rh4 69.Rd8+ Ke5 1/2-1/2

[Event "XXIII Festival A"]
[Site "Arco ITA"]
[Date "2001.10.26"]
[Round "7"]
[White "Sulava, Nenad"]
[Black "Scalcione, Michelangelo"]
[Result "1-0"]
[WhiteElo "2553"]
[BlackElo "2292"]
[PlyCount "57"]
[EventDate "2001.10.20"]

1.Nf3 f5 2.g3 Nf6 3.Bg2 g6 4.d4 Bg7 5.b4 a5 6.b5 c6 7.a4 O-O 8.O-O d6 9.
Bb2 Kh8 10.Nbd2 Be6 11.Re1 d5 12.Ne5 cxb5 13.axb5 Nbd7 14.c4 Nxe5 15.dxe5 
Ng4 16.Nf3 dxc4 17.h3 Nh6 18.Ng5 Bd7 19.Qd5 Qe8 20.b6 c3 21.Bxc3 Bc6 22.
Qe6 Nf7 23.Nxf7+ Qxf7 24.Qxf7 Rxf7 25.Bxc6 bxc6 26.Bxa5 e6 27.Rec1 f4 28.
gxf4 Rxf4 29.Bd2 1-0

[Event "XXIII Festival A"]
[Site "Arco ITA"]
[Date "2001.10.26"]
[Round "7"]
[White "Weiland, Guenter"]
[Black "Stantic, Severino"]
[Result "1/2-1/2"]
[WhiteElo "2036"]
[BlackElo "2126"]
[PlyCount "85"]
[EventDate "2001.10.20"]

1.Nf3 Nf6 2.c4 g6 3.b4 Bg7 4.Bb2 O-O 5.e3 Re8 6.Be2 d6 7.O-O e5 8.d3 Nh5 
9.Qb3 Nd7 10.Nbd2 c5 11.a3 b6 12.Ne4 Nf8 13.Nc3 f5 14.Nd5 Bb7 15.Nd2 Nf6 
16.Nxf6+ Bxf6 17.Bf3 Bxf3 18.Nxf3 Ne6 19.Rfd1 Qe7 20.h3 h5 21.Ra2 g5 22.
Kh1 g4 23.Ng1 Qg7 24.Bc1 Bg5 25.Rf1 f4 26.Qd1 Qh6 27.f3 gxh3 28.Nxh3 Bh4 
29.exf4 exf4 30.Re2 Bg3 31.Bd2 Nd4 32.Re4 Rf8 33.Qc1 Ne6 34.Re2 Rf6 35.Be1
Qg6 36.Bxg3 Qxg3 37.Qe1 Qg6 38.Re4 Raf8 39.Qh4 Qf5 40.Rfe1 Kg7 41.Nf2 Qg5 
42.Qxg5+ Nxg5 43.Re7+ 1/2-1/2

[Event "XXIII Festival A"]
[Site "Arco ITA"]
[Date "2001.10.27"]
[Round "8"]
[White "Ager, Josef"]
[Black "Astengo, Marcello"]
[Result "1-0"]
[WhiteElo "2239"]
[BlackElo "2076"]
[PlyCount "53"]
[EventDate "2001.10.20"]

1.Nf3 d5 2.g3 c6 3.Bg2 Nf6 4.d3 Bf5 5.O-O h6 6.Nc3 Nbd7 7.Nd2 e6 8.e4 Bh7 
9.Kh1 Be7 10.Qe2 d4 11.Nd1 O-O 12.f4 Rc8 13.Nf2 b5 14.g4 c5 15.Nf3 Qc7 16.
g5 hxg5 17.Nxg5 Bg6 18.Bf3 c4 19.f5 cxd3 20.cxd3 Qe5 21.fxg6 fxg6 22.Ngh3 
Nh5 23.Ng4 Qc7 24.Bd2 Qc2 25.Rab1 Nc5 26.Ne5 Bd6 27.Rfc1 1-0

[Event "XXIII Festival A"]
[Site "Arco ITA"]
[Date "2001.10.27"]
[Round "8"]
[White "Dervishi, Erald"]
[Black "Slobodjan, Roman"]
[Result "1/2-1/2"]
[WhiteElo "2501"]
[BlackElo "2522"]
[PlyCount "30"]
[EventDate "2001.10.20"]

1.e4 e5 2.Nf3 Nc6 3.Bb5 a6 4.Ba4 Nf6 5.O-O Bc5 6.c3 b5 7.Bb3 d6 8.d4 Bb6 
9.Re1 Bb7 10.Be3 O-O 11.Nbd2 Re8 12.Qb1 h6 13.h3 Nb8 14.Bc2 Nbd7 15.a4 c5 
1/2-1/2

[Event "XXIII Festival A"]
[Site "Arco ITA"]
[Date "2001.10.27"]
[Round "8"]
[White "Fercec, Nenad"]
[Black "Dittmar, Peter"]
[Result "1-0"]
[WhiteElo "2458"]
[BlackElo "2316"]
[PlyCount "81"]
[EventDate "2001.10.20"]

1.e4 e6 2.d4 d5 3.Nc3 Nf6 4.Bg5 dxe4 5.Nxe4 Be7 6.Bxf6 Bxf6 7.Nf3 Nd7 8.
Qd2 O-O 9.O-O-O b6 10.Bd3 Bb7 11.h4 Be7 12.Rh3 Nf6 13.Nxf6+ Bxf6 14.Ng5 g6
15.c3 c5 16.dxc5 bxc5 17.Qe3 Qe7 18.Rg3 Rfd8 19.h5 Rd5 20.Nxh7 Rxh5 21.
Bxg6 fxg6 22.Rd7 Rh1+ 23.Kc2 Rxh7 24.Rxg6+ Kf7 25.Rxe7+ Kxe7 26.Qf4 Rf7 
27.Qc7+ Kf8 28.Rxf6 Rxf6 29.Qxb7 Rxf2+ 30.Kb3 Rd8 31.Qxa7 Rdd2 32.Qxc5+ 
Kf7 33.Qh5+ Ke7 34.Qh7+ Kd6 35.Qb1 Rxg2 36.a4 Kc5 37.Ka3 Rxb2 38.Qxb2 Rxb2
39.Kxb2 Kc4 40.Kc2 e5 41.Kd2 1-0

[Event "XXIII Festival A"]
[Site "Arco ITA"]
[Date "2001.10.27"]
[Round "8"]
[White "Goldinger, Peter"]
[Black "Balogh, Csaba"]
[Result "0-1"]
[WhiteElo "2230"]
[BlackElo "2367"]
[PlyCount "68"]
[EventDate "2001.10.20"]

1.d4 Nf6 2.Nf3 e6 3.g3 d5 4.Bg2 Be7 5.O-O O-O 6.c4 dxc4 7.Qc2 a6 8.Rd1 b5 
9.Nbd2 Bb7 10.b3 cxb3 11.Nxb3 Be4 12.Qb2 Nbd7 13.Bf4 Nd5 14.Nbd2 Nxf4 15.
gxf4 Bb7 16.Qc2 Qb8 17.f5 exf5 18.Qxf5 Nf6 19.Ne5 Bxg2 20.Kxg2 c5 21.dxc5 
Bxc5 22.Ndf3 Qc8 23.Nd7 Nxd7 24.Rxd7 Ra7 25.Rad1 Rxd7 26.Rxd7 Qc6 27.Kf1 
b4 28.e4 Qe6 29.Ng5 Qxf5 30.exf5 Ra8 31.Rxf7 a5 32.f6 gxf6 33.Rxf6 a4 34.
Rf3 b3 0-1

[Event "XXIII Festival A"]
[Site "Arco ITA"]
[Date "2001.10.27"]
[Round "8"]
[White "Lovati, Paolo"]
[Black "Medancic, Rikard"]
[Result "1-0"]
[WhiteElo "2052"]
[BlackElo "2237"]
[PlyCount "112"]
[EventDate "2001.10.20"]

1.c4 e5 2.g3 Nc6 3.Bg2 Nf6 4.Nc3 Bc5 5.e3 d6 6.Nge2 a6 7.O-O O-O 8.b3 Bg4 
9.h3 Bd7 10.Bb2 Qc8 11.Kh2 Ba7 12.Nd5 Nxd5 13.cxd5 Ne7 14.Rc1 Qd8 15.f4 f6
16.g4 Rc8 17.Qe1 c6 18.fxe5 dxe5 19.Nc3 Qa5 20.a3 Kh8 21.b4 Qd8 22.dxc6 
Bxc6 23.Ne4 Qd5 24.Rxc6 Nxc6 25.Nxf6 Qd8 26.Ne4 Bb8 27.Rxf8+ Qxf8 28.Qh4 
Qe7 29.Qxe7 Nxe7 30.Nc5 b6 31.Nxa6 Bd6 32.Be4 Nc6 33.Kg2 Nd8 34.Kf2 Ne6 
35.h4 Nf8 36.d4 exd4 37.Bxd4 Nd7 38.Bf5 Ra8 39.b5 Nc5 40.Bxc5 bxc5 41.Ke2 
c4 42.a4 g6 43.Be4 Re8 44.Bc6 Rd8 45.Bd5 c3 46.Kd3 Be5 47.Nb4 Rf8 48.Be4 
Rf1 49.a5 Ra1 50.Nc6 Bc7 51.Kxc3 Bxa5+ 52.Nxa5 Rxa5 53.Kb4 Ra7 54.b6 Re7 
55.Bc6 Rf7 56.b7 Rf8 1-0

[Event "XXIII Festival A"]
[Site "Arco ITA"]
[Date "2001.10.27"]
[Round "8"]
[White "Murey, Jacob I."]
[Black "Godena, Michele"]
[Result "1/2-1/2"]
[WhiteElo "2475"]
[BlackElo "2496"]
[PlyCount "55"]
[EventDate "2001.10.20"]

1.e4 e5 2.Nf3 Nc6 3.Bb5 a6 4.Ba4 Nf6 5.O-O Bc5 6.c3 b5 7.Bb3 d6 8.a4 Bg4 
9.h3 Bh5 10.axb5 axb5 11.Rxa8 Qxa8 12.d4 Bb6 13.Qd3 O-O 14.Bg5 Bxf3 15.
Qxf3 exd4 16.Bxf6 gxf6 17.Bd5 Qe8 18.Qxf6 Qe5 19.Qh4 Ne7 20.f4 Ng6 21.Qg4 
Qg7 22.Kh2 Ne7 23.Qd7 Nxd5 24.exd5 Kh8 25.Qxb5 Rg8 26.g4 f5 27.g5 h6 28.
Kg2 {...} 1/2-1/2

[Event "XXIII Festival A"]
[Site "Arco ITA"]
[Date "2001.10.27"]
[Round "8"]
[White "Naumkin, Igor"]
[Black "Isonzo, David"]
[Result "1/2-1/2"]
[WhiteElo "2414"]
[BlackElo "2343"]
[PlyCount "51"]
[EventDate "2001.10.20"]

1.d4 Nf6 2.Nf3 e6 3.c4 d5 4.Nc3 c5 5.cxd5 Nxd5 6.e4 Nxc3 7.bxc3 cxd4 8.
cxd4 Nc6 9.Bc4 b5 10.Be2 a6 11.O-O Be7 12.a4 b4 13.d5 exd5 14.exd5 Na5 15.
Bb2 O-O 16.Qd4 f6 17.Rad1 Bd6 18.Bd3 g6 19.Qh4 Nb3 20.Bc2 Nc5 21.Nd4 b3 
22.Nc6 Qd7 23.Bb1 Qg4 24.Qxg4 Bxg4 25.Rd4 Bd7 26.Rc1 1/2-1/2

[Event "XXIII Festival A"]
[Site "Arco ITA"]
[Date "2001.10.27"]
[Round "8"]
[White "Ortega, Lexy"]
[Black "Drasko, Milan"]
[Result "1-0"]
[WhiteElo "2494"]
[BlackElo "2508"]
[PlyCount "73"]
[EventDate "2001.10.20"]

1.d4 e6 2.Nf3 Nf6 3.c4 Bb4+ 4.Nbd2 b6 5.a3 Bxd2+ 6.Qxd2 Bb7 7.e3 O-O 8.Be2
d6 9.O-O Nbd7 10.b3 Ne4 11.Qc2 f5 12.Bb2 Qe7 13.Ne1 Rac8 14.f3 Nef6 15.Nd3
c5 16.dxc5 bxc5 17.Rfd1 Nb6 18.Nf2 Ne8 19.e4 fxe4 20.Nxe4 d5 21.Ng3 Nd6 
22.Bd3 Qh4 23.Qe2 Qh6 24.Re1 Rfe8 25.Rac1 Nd7 26.Rcd1 Bc6 27.Bc2 Nb6 28.
Qf2 d4 29.Re5 Nd7 30.Rh5 Qf6 31.Bxh7+ Kf7 32.Bc2 g6 33.Rxc5 Nxc5 34.Bxd4 
e5 35.Bxc5 Nf5 36.Ne4 Bxe4 37.Bxe4 {...} 1-0

[Event "XXIII Festival A"]
[Site "Arco ITA"]
[Date "2001.10.27"]
[Round "8"]
[White "Rigo, Janos"]
[Black "Belotti, Bruno"]
[Result "1/2-1/2"]
[WhiteElo "2338"]
[BlackElo "2403"]
[PlyCount "25"]
[EventDate "2001.10.20"]

1.e4 e6 2.d4 d5 3.Nc3 dxe4 4.Nxe4 Nd7 5.Nf3 Ngf6 6.Nxf6+ Nxf6 7.Bg5 c5 8.
Bb5+ Bd7 9.Bxd7+ Qxd7 10.O-O cxd4 11.Qxd4 Qxd4 12.Nxd4 Bc5 13.Bxf6 1/2-1/2

[Event "XXIII Festival A"]
[Site "Arco ITA"]
[Date "2001.10.27"]
[Round "8"]
[White "Rotstein, Arkadij"]
[Black "Sulava, Nenad"]
[Result "1-0"]
[WhiteElo "2500"]
[BlackElo "2553"]
[PlyCount "47"]
[EventDate "2001.10.20"]

1.Nf3 c5 2.c4 g6 3.d4 Bg7 4.e4 Qb6 5.dxc5 Qxc5 6.Be2 d6 7.O-O Nc6 8.a3 Qb6
9.Ra2 Bg4 10.Be3 Qd8 11.b4 Nf6 12.Nc3 a5 13.b5 Bxf3 14.gxf3 Ne5 15.c5 Qc8 
16.f4 Ned7 17.Rc2 Nxc5 18.e5 Nfd7 19.exd6 exd6 20.Qxd6 Ne4 21.Nxe4 Qxc2 
22.Bg4 Rd8 23.Rd1 Qc8 24.Rc1 1-0

[Event "XXIII Festival A"]
[Site "Arco ITA"]
[Date "2001.10.27"]
[Round "8"]
[White "Scalcione, Michelangelo"]
[Black "Poropat, Marijan"]
[Result "1-0"]
[WhiteElo "2292"]
[BlackElo "2108"]
[PlyCount "119"]
[EventDate "2001.10.20"]

1.Nf3 g6 2.c4 d6 3.d4 Bg4 4.e3 Bg7 5.Be2 c5 6.h3 Bf5 7.Nc3 Nc6 8.O-O Nf6 
9.d5 Na5 10.Bd2 b6 11.Nh4 Bd7 12.e4 e6 13.Nf3 O-O 14.Re1 a6 15.a3 Re8 16.
b4 Nb7 17.Bf1 exd5 18.cxd5 b5 19.Rc1 c4 20.Bf4 a5 21.Nd4 axb4 22.axb4 Qb6 
23.Nc2 Ng4 24.hxg4 Bxc3 25.Re3 Bb2 26.Rb1 Bg7 27.Qf3 Ra2 28.Re2 Qd8 29.g5 
Qc8 30.Qe3 Ra6 31.Nd4 Qd8 32.Nc2 f5 33.gxf6 Bxf6 34.Rd1 Qe7 35.f3 Nd8 36.
Bg3 Nf7 37.Ree1 g5 38.Nd4 h5 39.Re2 h4 40.Bh2 Ne5 41.Red2 Qg7 42.Ne6 Bxe6 
43.dxe6 Nd3 44.Rxd3 cxd3 45.Qxd3 Rb6 46.Qd5 Qe7 47.Bxb5 Reb8 48.Bd7 Rf8 
49.Bxd6 Rxd6 50.Qxd6 Qg7 51.Qd5 Be7 52.Qd4 Qg6 53.Rf1 Rf4 54.Qe5 Kh7 55.
Rc1 Bf6 56.Qd6 h3 57.e7 Rxe4 58.fxe4 Qxe4 59.Bf5+ Qxf5 60.e8=Q 1-0

[Event "XXIII Festival A"]
[Site "Arco ITA"]
[Date "2001.10.27"]
[Round "8"]
[White "Schaefer, Michael"]
[Black "Luciani, Carlo"]
[Result "1/2-1/2"]
[WhiteElo "2234"]
[BlackElo "2241"]
[PlyCount "31"]
[EventDate "2001.10.20"]

1.c4 Nf6 2.Nc3 g6 3.d4 Bg7 4.Nf3 d6 5.Bf4 O-O 6.h3 Nbd7 7.e3 c6 8.Be2 Qe8 
9.Bh2 Kh8 10.O-O e5 11.b4 Qe7 12.Rc1 Ne8 13.c5 dxc5 14.bxc5 f5 15.Bc4 f4 
16.exf4 1/2-1/2

[Event "XXIII Festival A"]
[Site "Arco ITA"]
[Date "2001.10.27"]
[Round "8"]
[White "Tocco, Paolo"]
[Black "Friedrich, Norbert"]
[Result "0-1"]
[WhiteElo "2134"]
[BlackElo "2277"]
[PlyCount "162"]
[EventDate "2001.10.20"]

1.e4 c5 2.Nc3 Nc6 3.g3 g6 4.Bg2 Bg7 5.d3 d6 6.Be3 e5 7.Qd2 Be6 8.Nge2 Nd4 
9.Ng1 Ne7 10.Nd1 O-O 11.c3 Ndc6 12.Nf3 b6 13.c4 a6 14.Nc3 Nd4 15.h4 f6 16.
b3 b5 17.Nd5 Nxd5 18.cxd5 Bg4 19.Nxd4 cxd4 20.Bh6 Bxh6 21.Qxh6 Rc8 22.O-O 
Rc3 23.Qd2 Qc7 24.f3 Bd7 25.Rf2 Rc8 26.Raf1 Rc2 27.Qxc2 Qxc2 28.Rxc2 Rxc2 
29.Rf2 Rc3 30.Rd2 a5 31.Bf1 Kf7 32.Be2 f5 33.Kf2 Kf6 34.Bd1 g5 35.Kg2 f4 
36.hxg5+ Kxg5 37.g4 Kg6 38.Kh3 Kg5 39.Kg2 Be8 40.Kf1 Rc1 41.Kg2 Kh4 42.Kh2
h5 43.gxh5 Bxh5 44.Kg2 Be8 45.Kh2 Bd7 46.Kg2 Bh3+ 47.Kf2 b4 48.Be2 Bd7 49.
Bd1 Kh3 50.Be2 Kh2 51.Bd1 Bh3 52.Be2 Bc8 53.Bd1 Bd7 54.Be2 Be8 55.Bd1 Bh5 
56.Be2 Be8 57.Bd1 Bb5 58.Be2 Kh3 59.Bd1 Kh4 60.Kg2 Bd7 61.Kf2 Kg5 62.Ke2 
Bb5 63.Kf2 Kf6 64.Kg2 Bd7 65.Kh2 Ke7 66.Kg2 Kd8 67.Kh2 Rc3 68.Kg2 Kc7 69.
Kh2 Kb6 70.Kg2 a4 71.bxa4 Ka5 72.Kh2 Bxa4 73.Bxa4 Kxa4 74.Kh3 Rc1 75.Kg4 
Ka3 76.Kf5 Ra1 77.Ke6 Rxa2 78.Rd1 b3 79.Kxd6 b2 80.Rb1 Ra1 81.Rxb2 Kxb2 
0-1

[Event "XXIII Festival A"]
[Site "Arco ITA"]
[Date "2001.10.27"]
[Round "8"]
[White "Vismara, Daniele"]
[Black "Ivanov, Mikhail M."]
[Result "1/2-1/2"]
[WhiteElo "2365"]
[BlackElo "2418"]
[PlyCount "111"]
[EventDate "2001.10.20"]

1.Nf3 g6 2.c4 Bg7 3.d4 d6 4.g3 c5 5.Bg2 Nc6 6.dxc5 Qa5+ 7.Nbd2 Qxc5 8.O-O 
a5 9.Ne1 a4 10.Nd3 Qa5 11.Ne4 Nf6 12.Bd2 Qd8 13.Bc3 e5 14.Nb4 Nxe4 15.Bxe4
Nd4 16.e3 Ne6 17.Qe2 Nc5 18.Bg2 h5 19.Rad1 O-O 20.Rd2 Qe7 21.Rfd1 Rd8 22.
Nd5 Qf8 23.Nb6 Ra6 24.Bb4 Rxb6 25.Bxc5 Ra6 26.Ba3 Bf6 27.Bd5 Be7 28.Qd3 
Kh7 29.Qe4 f5 30.Qg2 e4 31.Qf1 b6 32.f3 Bg5 33.f4 Be7 34.h4 Ra7 35.Kg2 Qf6
36.Kh3 Qg7 37.Kh2 Qf6 38.Qe2 Ba6 39.Rd4 Rc7 40.Qc2 b5 41.Qe2 bxc4 42.Rc1 
Rdc8 43.Qd1 Bb5 44.Qd2 c3 45.Rxc3 Rxc3 46.bxc3 Bc6 47.Rc4 Bd7 48.Rxc8 Bxc8
49.c4 Qa1 50.Kg2 Bf6 51.Bxd6 Bc3 52.Qe2 Qc1 53.c5 Ba6 54.Qxa6 Qd2+ 55.Kh3 
Qxd5 56.Qa7+ 1/2-1/2

[Event "XXIII Festival A"]
[Site "Arco ITA"]
[Date "2001.10.27"]
[Round "8"]
[White "Wohl, Aleksandar H."]
[Black "Kragelj, Igor"]
[Result "1-0"]
[WhiteElo "2379"]
[BlackElo "2278"]
[PlyCount "83"]
[EventDate "2001.10.20"]

1.Nf3 Nf6 2.g3 d5 3.Bg2 c6 4.b3 Bg4 5.Bb2 Nbd7 6.d3 e6 7.Nbd2 Bd6 8.h3 
Bxf3 9.Nxf3 Ba3 10.Bxa3 Qa5+ 11.Qd2 Qxa3 12.O-O O-O 13.e4 a5 14.e5 Ne8 15.
Rfe1 Nc7 16.h4 a4 17.b4 c5 18.bxc5 Qxc5 19.Rab1 Rfb8 20.h5 h6 21.Rb4 Ra6 
22.Rg4 Kh8 23.Rf4 Kg8 24.g4 Qe7 25.Rb4 Nf8 26.Reb1 Ne8 27.g5 hxg5 28.Nxg5 
f6 29.exf6 gxf6 30.Nh3 Nd6 31.Rg4+ Kh7 32.Re1 Qf7 33.c4 dxc4 34.dxc4 Nf5 
35.Nf4 Rd6 36.Qc2 Kh8 37.Qxa4 Ra6 38.Qb3 Nh6 39.Ng6+ Nxg6 40.Rxg6 Nf5 41.
c5 Qe7 42.c6 1-0

[Event "XXIII Festival A"]
[Site "Arco ITA"]
[Date "2001.10.27"]
[Round "8"]
[White "Zilahi, Gabor"]
[Black "Popa, Claudiu"]
[Result "1-0"]
[WhiteElo "2116"]
[BlackElo "2072"]
[PlyCount "133"]
[EventDate "2001.10.20"]

1.Nf3 Nf6 2.d4 d5 3.g3 e6 4.Bg2 c5 5.e3 Nc6 6.O-O Be7 7.b3 O-O 8.Bb2 Qc7 
9.a3 b6 10.Nbd2 Ba6 11.Re1 Rac8 12.Rc1 Na5 13.Ne5 c4 14.c3 cxb3 15.Nxb3 
Nc4 16.Nxc4 Qxc4 17.Nd2 Qb5 18.Rb1 Qd7 19.e4 dxe4 20.Nxe4 Nxe4 21.Bxe4 Bb7
22.Qf3 Bxe4 23.Qxe4 Bf6 24.Rbd1 Qb5 25.Re2 Rfd8 26.Rde1 Qd5 27.f3 Rc4 28.
Kg2 b5 29.h4 Ra4 30.Qc2 Qc4 31.Qe4 Be7 32.Qb7 Bd6 33.Re4 Rf8 34.R1e2 Qd5 
35.Qd7 Bxa3 36.Qxd5 exd5 37.Re5 Rd8 38.Bxa3 f6 39.Re8+ Rxe8 40.Rxe8+ Kf7 
41.Rf8+ Kg6 42.Bc5 Ra2+ 43.Kh3 a5 44.Ra8 Rc2 45.Rxa5 Rxc3 46.Kg4 h5+ 47.
Kf4 Rb3 48.Ra7 Rb1 49.Bf8 f5 50.Rxg7+ Kf6 51.Rg5 b4 52.Rxf5+ Ke6 53.Rxh5 
b3 54.Rh7 Rd1 55.Re7+ Kf6 56.Rb7 Rxd4+ 57.Ke3 Rd1 58.Rxb3 d4+ 59.Ke2 Rg1 
60.Bd6 Ke6 61.Bf4 Kd5 62.Rb8 Kc4 63.Rc8+ Kb3 64.Kd3 Rd1+ 65.Bd2 Rg1 66.
Rb8+ Ka2 67.g4 1-0

[Event "XXIII Festival A"]
[Site "Arco ITA"]
[Date "2001.10.28"]
[Round "9"]
[White "Balogh, Csaba"]
[Black "Naumkin, Igor"]
[Result "1/2-1/2"]
[WhiteElo "2367"]
[BlackElo "2414"]
[PlyCount "28"]
[EventDate "2001.10.20"]

1.e4 e6 2.d4 d5 3.Nd2 Nc6 4.Ngf3 Nf6 5.e5 Nd7 6.Bb5 Be7 7.O-O a5 8.Re1 
Ncb8 9.Bd3 b6 10.c4 Ba6 11.Qc2 dxc4 12.Be4 c6 13.Nxc4 Bxc4 14.Qxc4 b5 
1/2-1/2

[Event "XXIII Festival A"]
[Site "Arco ITA"]
[Date "2001.10.28"]
[Round "9"]
[White "Belotti, Bruno"]
[Black "Scalcione, Michelangelo"]
[Result "0-1"]
[WhiteElo "2403"]
[BlackElo "2292"]
[PlyCount "54"]
[EventDate "2001.10.20"]

1.e4 e5 2.f4 exf4 3.Bc4 Nf6 4.Nc3 c6 5.d4 Bb4 6.Qf3 d5 7.exd5 O-O 8.Qxf4 
Re8+ 9.Ne2 Bxc3+ 10.bxc3 Bg4 11.Rf1 Qa5 12.Bd2 Bxe2 13.Bxe2 Qb5 14.Rf2 Qb2
15.Rc1 Nbd7 16.Kd1 Re7 17.Rf3 Rae8 18.Bd3 Nb6 19.Rg3 Ne4 20.Bxe4 Rxe4 21.
Qh6 g6 22.Rh3 Nc4 23.Qxh7+ Kf8 24.Qh6+ Ke7 25.Rf3 Kd8 26.Rf1 Qxa2 27.Bg5+ 
Kc7 0-1

[Event "XXIII Festival A"]
[Site "Arco ITA"]
[Date "2001.10.28"]
[Round "9"]
[White "Bondielli, Giorgio"]
[Black "Egartner, Wolfgang"]
[Result "1/2-1/2"]
[WhiteElo "2006"]
[BlackElo "2164"]
[PlyCount "47"]
[EventDate "2001.10.20"]

1.e4 c5 2.d4 cxd4 3.c3 Nf6 4.e5 Nd5 5.cxd4 e6 6.Nf3 b6 7.Bd3 d6 8.O-O Nd7 
9.Bd2 dxe5 10.dxe5 Be7 11.Nc3 Bb7 12.Ne4 h6 13.Qe2 a6 14.Rac1 Nc5 15.Nxc5 
Bxc5 16.Be4 O-O 17.Rfd1 Qe7 18.h3 a5 19.Bb1 Rad8 20.Nh2 Bb4 21.Bxb4 Qxb4 
22.Qe4 Qxe4 23.Bxe4 Rc8 24.Nf3 1/2-1/2

[Event "XXIII Festival A"]
[Site "Arco ITA"]
[Date "2001.10.28"]
[Round "9"]
[White "Dittmar, Peter"]
[Black "Schaefer, Michael"]
[Result "1/2-1/2"]
[WhiteElo "2316"]
[BlackElo "2234"]
[PlyCount "27"]
[EventDate "2001.10.20"]

1.d4 Nf6 2.c4 c5 3.d5 e6 4.Nc3 exd5 5.cxd5 d6 6.e4 g6 7.f4 Bg7 8.Nf3 O-O 
9.Be2 Bg4 10.O-O Nbd7 11.Nd2 Bxe2 12.Qxe2 a6 13.a4 Re8 14.Qf3 1/2-1/2

[Event "XXIII Festival A"]
[Site "Arco ITA"]
[Date "2001.10.28"]
[Round "9"]
[White "Drasko, Milan"]
[Black "Ager, Josef"]
[Result "1-0"]
[WhiteElo "2508"]
[BlackElo "2239"]
[PlyCount "37"]
[EventDate "2001.10.20"]

1.d4 Nf6 2.c4 g6 3.Nf3 Bg7 4.g3 d6 5.Bg2 O-O 6.O-O Nc6 7.Nc3 a6 8.Bd2 Bd7 
9.Rc1 Rb8 10.d5 Na5 11.b3 c5 12.dxc6 Nxc6 13.Bf4 Qa5 14.Qd2 Qh5 15.Bg5 h6 
16.Bxf6 Bxf6 17.Nd5 Bg7 18.b4 Rfe8 19.Nf4 1-0

[Event "XXIII Festival A"]
[Site "Arco ITA"]
[Date "2001.10.28"]
[Round "9"]
[White "Isonzo, David"]
[Black "Vismara, Daniele"]
[Result "1/2-1/2"]
[WhiteElo "2343"]
[BlackElo "2365"]
[PlyCount "88"]
[EventDate "2001.10.20"]

1.e4 c5 2.Nf3 d6 3.d4 cxd4 4.Nxd4 Nf6 5.Nc3 a6 6.Bc4 e6 7.Bb3 Nbd7 8.f4 
Nc5 9.Qf3 b5 10.f5 Bd7 11.Be3 Qc8 12.fxe6 fxe6 13.O-O Be7 14.Bxe6 Bxe6 15.
Nxe6 Nxe6 16.Nd5 Bd8 17.Nxf6+ Bxf6 18.Qh5+ Ke7 19.c3 Qc6 20.Rad1 Qxe4 21.
Rde1 Rae8 22.Bg5 Qc6 23.Qg4 Qc5+ 24.Be3 Qc4 25.Bf4 Kd7 26.Rd1 Qc5+ 27.Kh1 
Be5 28.Bxe5 Qxe5 29.Rfe1 Qf4 30.Rxd6+ Qxd6 31.Rd1 Rhf8 32.Rxd6+ Kxd6 33.h3
Rf6 34.a4 Ref8 35.axb5 axb5 36.Qb4+ Kc6 37.Qe4+ Kb6 38.Kh2 h6 39.Qe3+ Ka6 
40.Qd3 Kb6 41.Qd6+ Kb7 42.Qd7+ Kb6 43.Qd6+ Kb7 44.Qd5+ Kb6 1/2-1/2

[Event "XXIII Festival A"]
[Site "Arco ITA"]
[Date "2001.10.28"]
[Round "9"]
[White "Ivanov, Mikhail M."]
[Black "De Santis, Alessio"]
[Result "1-0"]
[WhiteElo "2418"]
[BlackElo "2345"]
[PlyCount "107"]
[EventDate "2001.10.20"]

1.d4 d6 2.g3 g6 3.Bg2 Bg7 4.e4 c5 5.d5 Nd7 6.Nf3 Rb8 7.a4 Ngf6 8.Nc3 b6 9.
O-O O-O 10.Re1 Ne8 11.Bf4 f6 12.Qd2 a6 13.Bf1 Kh8 14.Rab1 Qc7 15.b4 Ne5 
16.Nxe5 fxe5 17.Be3 Nf6 18.bxc5 bxc5 19.Rxb8 Qxb8 20.Rb1 Qc7 21.f3 Nd7 22.
Kg2 Bb7 23.Nd1 Rb8 24.Rb3 Bc8 25.Nb2 Kg8 26.Nc4 Kf7 27.g4 Rxb3 28.cxb3 Qb8
29.Na5 Qc7 30.g5 Nb8 31.h4 Ke8 32.Kg3 Bf8 33.Bc4 Bg7 34.Qe1 Kf8 35.Bd2 Ke8
36.h5 Kf7 37.h6 Bh8 38.Qf1 Ke8 39.Qd1 Qd7 40.Bf1 Qc7 41.Nc4 Qb7 42.Qc2 Kf8
43.Qc3 Ke8 44.b4 cxb4 45.Qxb4 Qxb4 46.Bxb4 Bd7 47.Nxd6+ exd6 48.Bxd6 Nc6 
49.dxc6 Bxc6 50.a5 Bb7 51.Bc4 Bc8 52.Kf2 Bb7 53.Ke3 Bc8 54.Kd2 1-0

[Event "XXIII Festival A"]
[Site "Arco ITA"]
[Date "2001.10.28"]
[Round "9"]
[White "Koops, Randolf"]
[Black "Tocco, Paolo"]
[Result "0-1"]
[WhiteElo "2041"]
[BlackElo "2134"]
[PlyCount "72"]
[EventDate "2001.10.20"]

1.d4 f5 2.c4 Nf6 3.Nc3 g6 4.h4 Bg7 5.h5 Nxh5 6.Rxh5 gxh5 7.e4 O-O 8.e5 d6 
9.f4 c5 10.d5 dxe5 11.Nf3 e4 12.Ne5 Nd7 13.Qxh5 Nxe5 14.fxe5 Bxe5 15.Bh6 
Qe8 16.Qh1 Rf6 17.O-O-O Qg6 18.Be3 b6 19.Bd2 f4 20.g4 f3 21.g5 Rf7 22.d6 
exd6 23.Qh4 Bb7 24.Bh3 Raf8 25.Bg4 Bf4 26.Nd5 Bxd5 27.cxd5 Bxd2+ 28.Kxd2 
e3+ 29.Kxe3 Re7+ 30.Be6+ Rxe6+ 31.dxe6 Qxe6+ 32.Qe4 Qxe4+ 33.Kxe4 d5+ 34.
Ke3 f2 35.Rf1 d4+ 36.Ke2 Kg7 0-1

[Event "XXIII Festival A"]
[Site "Arco ITA"]
[Date "2001.10.28"]
[Round "9"]
[White "Kragelj, Igor"]
[Black "Trauth, Michael"]
[Result "1/2-1/2"]
[WhiteElo "2278"]
[BlackElo "2195"]
[PlyCount "43"]
[EventDate "2001.10.20"]

1.d4 Nf6 2.c4 c5 3.d5 b5 4.Nf3 g6 5.cxb5 a6 6.b6 a5 7.Nc3 Ba6 8.e4 Bxf1 9.
Kxf1 d6 10.e5 dxe5 11.Nxe5 Qxb6 12.Qa4+ Nfd7 13.Bf4 Bg7 14.Nc4 Qb4 15.a3 
Qxa4 16.Nxa4 O-O 17.Re1 Nf6 18.d6 e6 19.h4 Nbd7 20.Rh3 Nd5 21.Bd2 Rfb8 22.
h5 1/2-1/2

[Event "XXIII Festival A"]
[Site "Arco ITA"]
[Date "2001.10.28"]
[Round "9"]
[White "Stantic, Severino"]
[Black "Medancic, Rikard"]
[Result "1/2-1/2"]
[WhiteElo "2126"]
[BlackElo "2237"]
[PlyCount "31"]
[EventDate "2001.10.20"]

1.Nf3 b5 2.g3 Bb7 3.Bg2 g6 4.O-O Bg7 5.e3 d6 6.d4 e6 7.Nbd2 Ne7 8.Re1 c5 
9.c3 O-O 10.Qb3 Qb6 11.a4 bxa4 12.Qxa4 Bc6 13.Qa2 Nd7 14.Nc4 Qc7 15.e4 a5 
16.Bg5 1/2-1/2

[Event "XXIII Festival A"]
[Site "Arco ITA"]
[Date "2001.10.28"]
[Round "9"]
[White "Sulava, Nenad"]
[Black "Rigo, Janos"]
[Result "1/2-1/2"]
[WhiteElo "2553"]
[BlackElo "2338"]
[PlyCount "57"]
[EventDate "2001.10.20"]

1.Nf3 c5 2.c4 Nc6 3.Nc3 g6 4.e3 d6 5.d4 Bg4 6.Be2 Bg7 7.O-O Nf6 8.h3 cxd4 
9.exd4 Bxf3 10.Bxf3 O-O 11.Be3 Rc8 12.b3 Qa5 13.Rc1 Rfe8 14.d5 Nb4 15.Bd2 
Nd7 16.Na4 b5 17.a3 bxa4 18.axb4 Qa6 19.b5 Qb7 20.bxa4 Rc7 21.Re1 Ne5 22.
Be2 Rec8 23.Qb3 Qb6 24.a5 Qd4 25.Be3 Qh4 26.b6 axb6 27.axb6 Rb7 28.c5 dxc5
29.Ba6 1/2-1/2

[Event "XXIII Festival A"]
[Site "Arco ITA"]
[Date "2001.10.28"]
[Round "9"]
[White "Valenti, Giuseppe"]
[Black "Zilahi, Gabor"]
[Result "1-0"]
[WhiteElo "2206"]
[BlackElo "2116"]
[PlyCount "78"]
[EventDate "2001.10.20"]

1.e4 c6 2.d4 d5 3.Nc3 dxe4 4.Nxe4 Bf5 5.Ng3 Bg6 6.Bc4 Nf6 7.N1e2 h6 8.O-O 
e6 9.Nf4 Bh7 10.Re1 Bd6 11.Bxe6 O-O 12.Bf5 Re8 13.Bxh7+ Kxh7 14.Qd3+ g6 
15.Bd2 Nbd7 16.Rxe8 Nxe8 17.Qb3 Kg7 18.Qxb7 Rb8 19.Qxc6 Rxb2 20.Ne4 Rb6 
21.Qa4 Qb8 22.g3 Ndf6 23.Nxd6 Nxd6 24.d5 Nde4 25.Be3 Rb7 26.Bd4 Ng5 27.
Bxf6+ Kxf6 28.Qc6+ Kg7 29.Qc3+ Kg8 30.Kg2 Rb4 31.Re1 Ne4 32.Qd3 Nf6 33.
Nxg6 Qb6 34.Ne7+ Kf8 35.Nc6 Ng4 36.Re2 Rb1 37.Qh7 Qb2 38.h3 Nf6 39.Qxh6+ 
Kg8 1-0